Albania Euro 2024 Squad - Statistics

General Stats
  • This quiz has been taken 14 times
  • The average score is 17 of 26
Answer Stats
Position Club Player % Correct
DF Empoli Ardian Ismajli
78%
FW Everton Armando Broja
78%
DF Atalanta Berat Djimsiti
78%
DF Lazio Elseid Hysaj
78%
FW Gwangju FC Jasir Asani
78%
MF Inter Milan Kristjan Asllani
78%
MF Rangers Nedim Bajrami
78%
FW Dinamo Zagreb Arber Hoxha
67%
DF CFR Cluj Arlind Ajeti
67%
FW Besiktas Ernest Muci
67%
GK Empoli Etrit Berisha
67%
DF Rayo Vallecano Ivan Balliu
67%
MF SV Darmstadt Klaus Gjasula
67%
FW Lecce Medon Berisha
67%
MF Sparta Prague Qazim Laci
67%
GK AEK Athens Thomas Strakosha
67%
MF Lecce Ylber Ramadani
67%
MF Grasshoppers Amir Abrashi
56%
DF RCD Espanyol Marash Kumbulla
56%
DF Al-Ittihad Mario Mitaj
56%
FW Rubin Kazan Mirlind Daku
56%
FW Sivasspor Rey Manaj
56%
MF Bodrum Taulant Seferi
56%
GK Cittadella Elhan Kastrati
44%
DF FC Familicao Enea Mihaj
44%
DF FC Voluntari Naser Aliji
44%
No matching quizzes found
Score Distribution
Percent of People with Each Score
Percentile by Number Answered
Your Score History
You have not taken this quiz